BSOP header

When Saints sing the blues : (Record no. 30836)

MARC details
000 -LEADER
fixed length control field 01231nam a2200217 4500
008 - FIXED-LENGTH DATA ELEMENTS--GENERAL INFORMATION
fixed length control field 080222s2006 miu b 000 0deng
020 ## - INTERNATIONAL STANDARD BOOK NUMBER
International Standard Book Number 0801065704 :USD5.41
020 ## - INTERNATIONAL STANDARD BOOK NUMBER
International Standard Book Number 9780801065705
090 ## - LOCALLY ASSIGNED LC-TYPE CALL NUMBER (OCLC); LOCAL CALL NUMBER (OCLC)
Classification number (OCLC) (R) ; Classification number, CALL (RLIN) (NR) BV4910.34
Local cutter number (OCLC) ; Book number/undivided call number, CALL (RLIN) P75w
100 1# - MAIN ENTRY--PERSONAL NAME
Personal name Poinsett, Brenda.
245 10 - TITLE STATEMENT
Title When Saints sing the blues :
Remainder of title understanding depression through the lives of Job, Naomi, Paul, and others /
Statement of responsibility, etc Brenda Poinsett.
260 ## - PUBLICATION, DISTRIBUTION, ETC. (IMPRINT)
Place of publication, distribution, etc Grand Rapids, Mich. :
Name of publisher, distributor, etc Baker Books,
Date of publication, distribution, etc c2006.
300 ## - PHYSICAL DESCRIPTION
Extent 190 p. ;
Dimensions 22 cm.
504 ## - BIBLIOGRAPHY, ETC. NOTE
Bibliography, etc Includes bibliographical references (p. 189-190).
505 0# - FORMATTED CONTENTS NOTE
Formatted contents note Moses : when the load's too heavy -- Naomi : when bitterness develops -- Job : when loss is catastrophic -- Hannah : when you're desperate -- Saul : when jealousy rages -- Elijah : when you serve alone -- Jeremiah : when you feel forced to serve -- Jonah : when anger brews -- Solomon : when cynicism sets in -- A psalmist : when the loss is spiritual -- Paul: when the pressure is keen -- Treasures in the darkness.
630 04 - SUBJECT ADDED ENTRY--UNIFORM TITLE
Uniform title Bible
Form subdivision Biography.
650 #4 - SUBJECT ADDED ENTRY--TOPICAL TERM
Topical term or geographic name as entry element Depressed persons
General subdivision Religious life.
650 #4 - SUBJECT ADDED ENTRY--TOPICAL TERM
Topical term or geographic name as entry element Depression, Mental
General subdivision Religious aspects
-- Christianity.
951 ## - EQUIVALENCE OR CROSS-REFERENCE-GEOGRAPHIC NAME/AREA NAME [OBSOLETE] [CAN/MARC only]
General subdivision 00036056
951 ## - EQUIVALENCE OR CROSS-REFERENCE-GEOGRAPHIC NAME/AREA NAME [OBSOLETE] [CAN/MARC only]
-- 31612
-- BV4910.34/P75w
-- 080222124123015
-- 2000-12-21
-- GC
Holdings
Withdrawn status Lost status Damaged status Not for loan Home library Current library Shelving location Date acquired Accession number Shelving control number Total Checkouts Full call number Barcode Date last seen Price effective from Koha item type
        BSOP Library BSOP Library GC 12/21/2000 31612 127   BV4910.34/P75w 00036056 02/23/2013 02/23/2013 Books
BSOP

Biblical Seminary of the Philippines
  All rights Reserved
  © 2024

CONTACT INFORMATION

Biblical Seminary of the Philippines,
  77-B Karuhatan Road, Valenzuela City,
  PHILIPPINES 1441
  Phone: +632 8292-6795 / 8292-6798
  Fax : +632 8292-6675
  Email: library@bsop.edu.ph